000 00347 a2200121 4500
001 ART_46178
005 20260410162053.0
008 260409a
245 1 0 _aCrecimiento de la agricultura en Uruguay
100 1 _aArbeletche, Pedro
700 1 _aGutiérrez, Gonzalo
773 0 _tPampa
_g- Año 6, Nº 6 (nov. 2010)
_wREV46129
999 _c36031
_d36031